00871nam a2200241Ia 450000500170000000800410001702000150005804100080007310000250008124500860010625000220019230000320021449000680024665000390031465000500035370000420040326400500044533600270049533700330052233800280055504000350058308400110061820220316235621.0121119s2003 mx a gr 000 j spa  a96816467970 aspa1 aVilloro, Juand1956-14aLas golosinas secretas cJuan Villoro ; ilustraciones de Mauricio Gómez Morín aPrimera edición a39 páginasbilustraciones0 aA la orilla del viento. Para los que están aprendiendo a leer14aCuentos infantiles mexicanos2LEMB14a Literatura infantil mexicanaySiglo XX2LEMB1 aGómez Morín, Mauricioeilustrador aMéxico bFondo de Cultura Económicac2003 atextobtxt2rdacontent asin mediaciónbn2rdamedia avolumenbnc2rdacarrier aCO-BoRNBPbspaerdacCO-BoRNBP aC VIL2